000 00536nam a2200181Ia 4500
003 GCL
008 140319s9999 xx 000 0 eng d
040 _aGCL /
_cGCL
082 0 4 _a320.5409
_bS L
100 1 _aSHAPIRA, ANITA
245 1 0 _aLAND AND POWER: THE ZIONIST RESORT TO FORCE 1881 - 1948 /
_cSHAPIRA, ANITA
260 _a[S.N] :
_bOXFORD UNIVERSITY PRESS ،
_c1994
300 _a446 P
650 0 4 _aNATIONAL CHARACTERISTICS - ISRAL
650 0 4 _aJEWISH - ARAB RELATIONS
650 0 4 _aZIONISM - PHILOSOPHY
942 _2ddc
_cBK
999 _c11507
_d11507